000
00338 a2200145 4500
001
154489
040
_c
Escola São Tomás de Aquino
240
1
0
_a
A bíblia ilustrada para crianças
_l
por
245
1
0
_a
A bíblia ilustrada para crianças
300
_a
255
362
0
_a
1997
440
1
_a
Ediouro
697
_a
RELIGIÃO
942
_c
BK
999
_c
154489
_d
154489